Selected issues concerning monetary policy and inštitutional design for central banks <a> review of theories

Saved in:
Bibliographic Details
Main Author: Beddies, Christian H.
Format: Book
Language:English
Published: Washington International Monetary Fund 2000
Series:IMF Working Paper WP/00/140
Subjects:
Tags: Add Tag
No Tags, Be the first to tag this record!

MARC

LEADER 00000nam a2200000 4500
001 c124387
005 20221221083551.5
041 0 |a eng 
044 |a US 
245 1 0 |a Selected issues concerning monetary policy and inštitutional design for central banks  |b <a> review of theories  |c Christian H. Beddies 
264 1 |a Washington  |b International Monetary Fund  |c 2000 
300 |a 48 s. 
490 1 |a IMF Working Paper  |v WP/00/140 
830 0 |a IMF Working Paper  |v WP/00/140 
610 2 0 |a banky centrálne 
610 2 0 |a politika peňažná 
610 2 0 |a projektovanie finančné 
100 1 |a Beddies, Christian H.